| 000 | 01035cam a2200313 a 4500 | ||
|---|---|---|---|
| 001 | 4418275 | ||
| 003 | ARRUPE | ||
| 005 | 20160229154403.0 | ||
| 008 | 951006s1995 nyu b 001 0 eng | ||
| 010 | _a95030162 | ||
| 020 | _a1570750343 (alk. paper) | ||
| 035 | _a(OCoLC)32697613 | ||
| 035 | _a(OCoLC)ocm32697613 | ||
| 035 | _a(NNC)4418275 | ||
| 040 |
_aDLC _cDLC |
||
| 043 | _an-us--- | ||
| 050 | 0 | 0 |
_aBX1407.H55 _bG65 1995 |
| 100 | 1 |
_aGoizueta, Roberto S. _922584 |
|
| 245 | 1 | 0 |
_aCaminemos con Jesús : _btoward a Hispanic/Latino theology of accompaniment / _cRoberto S. Goizueta. |
| 260 |
_aMaryknoll, N.Y. : _bOrbis Books, _cc1995. |
||
| 300 |
_axii, 224 p. ; _c24 cm. |
||
| 504 | _aIncludes bibliographical references (p. 213-222) and index. | ||
| 610 | 2 | 0 |
_aCatholic Church _xDoctrines. _922585 |
| 650 | 0 |
_aHispanic American Catholics _xReligious life. _922586 |
|
| 650 | 0 |
_aHispanic Americans _xReligion. _922587 |
|
| 650 | 0 |
_aChristian life _xCatholic authors. _922588 |
|
| 942 |
_2lcc _cMONOGRAPH |
||
| 999 |
_c124252 _d124252 |
||